Statistics for Pop Singers

Click here to take the quiz!

General Stats

  • This quiz has been taken 156 times
    (141 since last reset)
  • The average score is 11 of 17

Answer Stats

SongSinger% Correct
Shake It OffTaylor Swift
94%
HelloAdele
91%
Shape of YouEd Sheeran
91%
Wrecking BallMiley Cyrus
86%
SorryJustin Bieber
85%
Cheap ThrillsSia
81%
Side to SideAriana Grande
80%
That's What I LikeBruno Mars
61%
Love on the BrainRihanna
60%
Chained to the RhythmKaty Perry
59%
Million ReasonsLady Gaga
59%
FormationBeyonce
58%
Bang BangNicki Minaj
54%
It Ain't MeSelena Gomez
51%
ConfidentDemi Lovato
50%
Living for LoveMadonna
23%
ColdAdam Levine
10%

Score Distribution

Percentile by Number Answered

Percent of People with Each Score

Your Score History

You have not taken this quiz since the last reset